000 00691nam a2200217 i 4500
001 13578
003 ES-MaACL
005 20250728030700.0
007 t|
008 980520s1989 sp |||| | spa d
020 _a84-86314-57-7
080 _a821.134.2-31"19"
100 1 _aGonzález Gosálbez, Rafael.
_958686
245 1 0 _aCuba /
_cRafael González Gosálbez.
260 _aAlicante :
_bCaja de Ahorros Provincial,
_c1989.
300 _a73 p. ;
_c22 cm.
490 1 _aPublicaciones de la Caja de Ahorros Provincial ;
_v152
830 0 0 _aPublicaciones de la Caja de Ahorros Provincial de Alicante
_v152
_9186986
852 _aES-MaACL
_jL-20908
999 _c13578
_d13578